Χώρες της Ευρωπαϊκής Ένωσης - Ξαφνικός Θάνατος - Statistics

General Stats
  • This quiz has been taken 63 times
  • The average score is 12 of 27
Answers on the Grid
Answers color-coded by a green-red scale on the quiz's grid according to % correct below.
Άγιος Μαρίνος
Αλβανία
Ανδόρρα
Αυστρία
Βέλγιο
Βουλγαρία
Γαλλία
Γερμανία
Γεωργία
Γιβραλτάρ
Γιουγκοσλαβία
Γροιλανδία
Δανία
Ελβετία
Ελλάδα
Εσθονία
Ιρλανδία
Ισλανδία
Ισπανία
Ιταλία
Κόσοβο
Κύπρος
Κροατία
Λετονία
Λιβονία
Λιθουανία
Λιχτενστάιν
Λουξεμβούργο
Μάλτα
Μαυροβούνιο
Μολδαβία
Μονακό
Νορβηγία
Ολλανδία
Ουγγαρία
Ουκρανία
Πολωνία
Πορτογαλία
Ρουμανία
Σερβία
Σλαβονία
Σλοβακία
Σλοβενία
Σουηδία
Τουρκία
Τρανσυλβανία
Τσεχία
Φινλανδία
 
Answer Stats
Answer % Correct
Γαλλία
55%
Ισπανία
55%
Ιταλία
55%
Κύπρος
55%
Βέλγιο
52%
Ελλάδα
52%
Πορτογαλία
52%
Βουλγαρία
48%
Γερμανία
48%
Σλοβακία
48%
Δανία
45%
Κροατία
45%
Λουξεμβούργο
45%
Ρουμανία
45%
Αυστρία
42%
Ιρλανδία
39%
Λετονία
39%
Ολλανδία
39%
Ουγγαρία
39%
Πολωνία
39%
Φινλανδία
39%
Σουηδία
35%
Τσεχία
35%
Εσθονία
32%
Λιθουανία
32%
Μάλτα
32%
Σλοβενία
29%
No matching quizzes found
Score Distribution
Percent of People with Each Score
Percentile by Number Answered
Your Score History
You have not taken this quiz